00813nam a2200181Ia 4500008004100000020001800041022001500059040001300074082001700087100002200104245008700126250001100213260004200224300003200266500029700298650001300595650002300608191130s2008##################000#0#eng## a9780486466750 a2008021479 aACLcACL a512.9434 FIE aFiedler, Miroslav aSpecial matrices and their applications in numerical mathematicscMiroslav Fiedler a2nd ed aMineola, NYbDover Publicationsc2008 axiii, 364 p. : ill. ; 22 cm aTranslation of: Speciální matice a jejich použití v numerické matematice. Originally published: Dordrecht ; Boston : Martinus Nijhoff Publishers ; Hingham, MA, USA : Distributors for the U.S. and Canada, Kluwer Boston, 1986.Includes bibliographical references (p. 355-359) and index aMatrices aNumerical analysis